[Event "It (open) (b)"]
[Site "Zagreb (Croatia)"]
[Date "2011.04.16"]
[Round "7"]
[White "Draganic Stjepan (CRO)"]
[Black "Cop Tomislav (CRO)"]
[Result "0-1"]
[WhiteElo "2178"]
[BlackElo "2272"]

1.d4 d6 2.Bf4 Nf6 3.e3 g6 4.c3 Bg7 5.Nd2 O-O 6.Ngf3 Nh5 7.Bg5 h6 8.Bh4 f5
9.Bc4+ Kh8 10.Be2 g5 11.Nxg5 hxg5 12.Bxh5 gxh4 13.Bg6 Bh6 14.Qh5 Kg7 15.Nf3 e6
16.Nxh4 Qf6 17.f4 Rh8 18.Be8 Bxf4 19.Qg6+ Qxg6 20.Nxg6 Bg3+ {#R} 0-1

[Event "It (open)"]
[Site "Donostia (Spain)"]
[Date "2011.04.18"]
[Round "3"]
[White "Segovia Sanchez Antonio (ESP)"]
[Black "Prosviriakov Vladimir (USA)"]
[Result "0-1"]
[WhiteElo "2019"]
[BlackElo "2274"]

1.d4 d6 2.Nf3 g6 3.Bg5 Bg7 4.Nbd2 h6 5.Be3 Nf6 6.g3 Nd5 7.Bg2 Nxe3 8.fxe3 O-O
9.e4 c5 10.e3 Qb6 11.Nc4 Qa6 12.Qe2 Bg4 13.c3 Nc6 14.Na3 Qxe2+ 15.Kxe2 Rac8
16.h3 Bd7 17.Rhd1 Rfd8 18.Rd2 cxd4 19.exd4 Na5 20.Rad1 b5 21.Ne1 h5 22.e5 Bh6
23.Rd3 Bf5 24.Rf3 dxe5 25.Nxb5 Rb8 26.Nxa7 Rxb2+ 27.Kf1 e4 28.Rf2 Rb7 {#R} 0-1

[Event "It (open)"]
[Site "Donostia (Spain)"]
[Date "2011.04.22"]
[Round "8"]
[White "Cruz-Lopez Claret Carlos (ESP)"]
[Black "Lillo Ferrer J M (ESP)"]
[Result "1-0"]
[WhiteElo "2334"]
[BlackElo "2126"]

1.d4 d6 2.c4 e5 3.d5 a5 4.Nc3 g6 5.e4 Bg7 6.Be3 f5 7.exf5 Bxf5 8.Bd3 Nf6
9.Bxf5 gxf5 10.Nf3 Ng4 11.Ng5 O-O 12.Ne6 Nxe3 13.fxe3 Qh4+ 14.g3 Qxc4 15.Nxf8
Bxf8 16.Qe2 Qc5 17.O-O Bh6 18.Rae1 f4 19.Qg4+ Kh8 20.Qc8+ Kg7 21.gxf4 Qa7
22.Qxc7+ Kf8 23.Qd8+ Kg7 24.fxe5 Bxe3+ 25.Kh1 {#r} 1-0

[Event "It (open)"]
[Site "Metz (France)"]
[Date "2011.05.06"]
[Round "7"]
[White "Gladyszev Oleg (RUS)"]
[Black "Rotstein Arkadij (GER)"]
[Result "0-1"]
[WhiteElo "2469"]
[BlackElo "2502"]

1.d4 d6 2.Nf3 g6 3.c4 Bg7 4.e4 Bg4 5.Be2 Nc6 6.Be3 e5 7.d5 Bxf3 8.Bxf3 Nd4
9.Bxd4 exd4 10.Nd2 Nf6 11.O-O Nd7 12.Nb3 O-O 13.Rb1 Qf6 14.Qe2 Rae8 15.Rfd1 d3
16.Rxd3 Ne5 17.Re3 Bh6 18.Rc3 Qf4 19.Re1 f5 20.Nd4 fxe4 21.Bxe4 Ng4 22.g3
Qxf2+ 23.Qxf2 Rxf2 24.Rd3 Bd2 25.Rd1 Be3 26.Rxe3 Nxe3 {#R} 0-1

[Event "It (open)"]
[Site "Warsaw (Poland)"]
[Date "2011.05.08"]
[Round "2"]
[White "Grabarczyk Miroslaw (POL)"]
[Black "Nowicki Bartosz (POL)"]
[Result "1-0"]
[WhiteElo "2457"]
[BlackElo "2133"]

1.d4 d6 2.Nf3 g6 3.g3 Bg7 4.Bg2 f5 5.d5 Nf6 6.O-O O-O 7.Nd4 Qe8 8.Nc3 c6 9.Bg5
e5 10.dxc6 bxc6 11.Ndb5 d5 12.Bxf6 Bxf6 13.Nc7 Qf7 14.N3xd5 Bd8 15.Nxa8 cxd5
16.Bxd5 Be6 17.Bxe6 Qxe6 18.Qd3 Nc6 19.Qb3 Kf7 20.c3 Kf6 21.Rad1 Rf7 22.Rd2
Rd7 23.Rfd1 Rxd2 24.Rxd2 Qc8 25.Rd6+ Ke7 26.Qd5 Qxa8 27.Qxc6 Qb8 28.Qd7+ {#r}
1-0

[Event "Cup Croatia (team)"]
[Site "Sibenik (Croatia)"]
[Date "2011.05.19"]
[Round "3"]
[White "Kuljasevic Davorin (CRO)"]
[Black "Rukavina Josip (CRO)"]
[Result "1-0"]
[WhiteElo "2560"]
[BlackElo "2421"]

1.d4 d6 2.Nf3 Bg4 3.c4 g6 4.Qb3 Qc8 5.g3 Bg7 6.Bg2 Nc6 7.d5 Bxf3 8.Qxf3 Ne5
9.Qb3 Nf6 10.Nc3 O-O 11.O-O c6 12.Bf4 Nfd7 13.Rac1 Qc7 14.Na4 c5 15.Nc3 a6
16.a4 Nb6 17.Ne4 Rab8 18.Bd2 Nc8 19.Qc2 b6 20.Bh3 Qb7 21.b4 cxb4 22.Bxb4 Na7
23.a5 f5 24.Ng5 Rfc8 25.Bxf5 bxa5 26.Be6+ Kh8 27.Bc3 Rxc4 28.Nf7+ {#r} 1-0

[Event "It (open)"]
[Site "Zalakaros (Hungary)"]
[Date "2011.05.20"]
[Round "1"]
[White "Bereczki Janos (HUN)"]
[Black "Czebe Attila (HUN)"]
[Result "0-1"]
[WhiteElo "2175"]
[BlackElo "2503"]

1.d4 d6 2.Nf3 g6 3.c4 Bg7 4.Nc3 Bg4 5.e3 Nc6 6.Be2 e5 7.d5 Nce7 8.e4 h6 9.Nd2
Bd7 10.a3 f5 11.b4 Nf6 12.Bb2 O-O 13.Bd3 Nh5 14.Ne2 fxe4 15.Nxe4 Nf5 16.g3 Nd4
17.Nxd4 exd4 18.Kd2 Nf6 19.f3 Nxe4+ 20.Bxe4 Bf5 21.Re1 Qf6 22.Kc1 Bxe4 23.fxe4
Qf2 24.Re2 Qf3 25.Qe1 Qd3 26.Qd1 Qxd1+ 27.Kxd1 d3 28.Rg2 Bxb2 {#R} 0-1

[Event "It (open)"]
[Site "Zalakaros (Hungary)"]
[Date "2011.05.24"]
[Round "5"]
[White "Erdos Viktor (HUN)"]
[Black "Czebe Attila (HUN)"]
[Result "1-0"]
[WhiteElo "2623"]
[BlackElo "2503"]

1.d4 d6 2.Nf3 g6 3.c4 Bg7 4.e4 Bg4 5.Be2 Nc6 6.Nbd2 Nf6 7.d5 Nb8 8.O-O O-O
9.Rb1 a5 10.b3 Na6 11.Bb2 Nc5 12.Nd4 Bd7 13.Bf3 e5 14.dxe6 fxe6 15.e5 dxe5
16.Ba3 Qe7 17.Nb5 Bxb5 18.cxb5 Rad8 19.Bxb7 Nd5 20.Bxd5 Rxd5 21.Qc2 Qd7 22.Nc4
Bh6 23.Rbd1 Qxb5 24.Rxd5 exd5 25.Nxe5 {#r} 1-0

[Event "Ch Slovenia (team)"]
[Site "Ljubljana (Slovenia)"]
[Date "2011.05.28"]
[Round "2"]
[White "Brusnjak Saso (SLO)"]
[Black "Soln Primoz (SLO)"]
[Result "0-1"]
[WhiteElo "2070"]
[BlackElo "2387"]

1.d4 d6 2.c4 e5 3.e3 Nd7 4.Nc3 g6 5.Bd3 Bg7 6.Nf3 Ne7 7.h4 f5 8.dxe5 dxe5
9.Bc2 e4 10.Ng5 Ne5 11.Qe2 h6 12.Nh3 Be6 13.Bb3 Nd3+ 14.Kf1 c6 15.Nf4 Bf7
16.c5 Qd7 17.Bxf7+ Kxf7 18.f3 Rad8 19.Nxd3 exd3 20.Qd2 Nd5 21.Rb1 Rhe8 22.Nxd5
Qxd5 23.b4 Qc4 24.Rb3 Rxe3 25.Qxe3 d2+ 26.Kf2 d1=N+ 27.Rxd1 Rxd1 {#R} 0-1

[Event "It "]
[Site "Ulan Ude (Russia)"]
[Date "2011.06.04"]
[Round "1"]
[White "Dondukov Sengdorji (RUS)"]
[Black "Pushkarev Dmitry (RUS)"]
[Result "1-0"]
[WhiteElo "2352"]
[BlackElo "2399"]

1.d4 d6 2.Nf3 g6 3.c4 Bg7 4.Nc3 e5 5.dxe5 dxe5 6.Qxd8+ Kxd8 7.Bg5+ f6 8.O-O-O+
Nd7 9.Be3 Nh6 10.h3 Nf7 11.g4 c6 12.h4 Kc7 13.g5 f5 14.h5 e4 15.Bf4+ Kb6
16.Nd4 Be5 17.Na4+ Ka5 18.Bd2+ Kxa4 19.Rh3 Bd6 20.Kb1 {#r} 1-0

[Event "Ch Canada (open)"]
[Site "Toronto (Canada)"]
[Date "2011.07.09"]
[Round "1"]
[White "Krush Irina (USA)"]
[Black "Fairbairn Stephen (CAN)"]
[Result "1-0"]
[WhiteElo "2476"]
[BlackElo "2052"]

1.d4 d6 2.Nf3 Bg4 3.e4 Nf6 4.Nc3 e6 5.h3 Bh5 6.g4 Bg6 7.Qe2 c6 8.g5 Nfd7 9.Nh4
d5 10.Nxg6 hxg6 11.exd5 cxd5 12.Nxd5 Qa5+ 13.Nc3 Be7 14.Qb5 Qxb5 15.Nxb5 Na6
16.Bg2 O-O 17.c3 Rad8 18.Bxb7 Nab8 19.Nxa7 e5 20.O-O exd4 21.cxd4 {#r} 1-0

[Event "Ch Central Serbia (open)"]
[Site "Paracin (Serbia)"]
[Date "2011.07.12"]
[Round "6"]
[White "Jovanovic Bojan (SRB)"]
[Black "Suc Timothy (SLO)"]
[Result "0-1"]
[WhiteElo "2272"]
[BlackElo "2106"]

1.d4 d6 2.Nf3 Bg4 3.e4 Nf6 4.Bd3 e6 5.Bg5 Be7 6.c3 c6 7.Nbd2 O-O 8.Qc2 h6
9.Be3 d5 10.e5 Nfd7 11.h3 Bxf3 12.Nxf3 c5 13.h4 cxd4 14.cxd4 Bb4+ 15.Kf1 f5
16.exf6 Nxf6 17.Ne5 Nbd7 18.Bf4 Nxe5 19.dxe5 Nh5 20.Bh2 Qxh4 21.Kg1 Rac8
22.Qe2 Bc5 23.Rf1 Rxf2 24.Rxf2 Rf8 25.Bg3 Qxg3 26.Bh7+ Kh8 {#R} 0-1

[Event "Cup Nana Aleksandria (open)"]
[Site "Poti (Georgia)"]
[Date "2011.07.17"]
[Round "7"]
[White "Kumsiashvili Nikoloz (GEO)"]
[Black "Gelazonia Parmen (GEO)"]
[Result "0-1"]
[WhiteElo "2049"]
[BlackElo "2356"]

1.d4 d6 2.Nf3 g6 3.c4 Bg7 4.Nc3 Bg4 5.e3 Nd7 6.Be2 e5 7.h3 Bxf3 8.Bxf3 Rb8
9.d5 a6 10.Be2 h5 11.O-O f5 12.e4 f4 13.b4 Qh4 14.Ba3 g5 15.f3 {#R} 0-1

[Event "Ch Czech Republic (active) (open)"]
[Site "Pardubice (Czech Republic)"]
[Date "2011.07.20"]
[Round "3"]
[White "Strebkovs Andrejs (LAT)"]
[Black "Rausis Igors (CZE)"]
[Result "0-1"]
[WhiteElo "2344"]
[BlackElo "2497"]

1.d4 d6 2.Nf3 Bg4 3.e4 Nf6 4.Nc3 c6 5.h3 Bh5 6.g4 Bg6 7.Qe2 e6 8.h4 h5 9.g5
Nfd7 10.Bh3 Be7 11.Bf4 O-O 12.O-O-O b5 13.d5 b4 14.dxc6 bxc3 15.cxd7 Qb6
16.bxc3 Nxd7 17.Be3 Qa5 18.Bd4 Nc5 19.Kd2 Nxe4+ 20.Ke1 e5 21.Be3 Qxc3+ 22.Kf1
Rab8 23.Bxa7 Rb2 24.Ne1 Qc7 25.Be3 Nc3 26.Qd2 Nxd1 27.Qxd1 Rxa2 {#R} 0-1

[Event "Ch Austria"]
[Site "Linz (Austria)"]
[Date "2011.07.23"]
[Round "1"]
[White "Ernst Michael (AUT)"]
[Black "Kummer Helmut (AUT)"]
[Result "1-0"]
[WhiteElo "2164"]
[BlackElo "2370"]

1.d4 d6 2.Nf3 Bg4 3.Nbd2 c6 4.e3 Nd7 5.Be2 Ngf6 6.O-O e5 7.Ne1 Bxe2 8.Qxe2 Be7
9.dxe5 dxe5 10.e4 O-O 11.Nd3 Re8 12.b3 Bb4 13.Nxb4 {#r} 1-0

[Event "It (open)"]
[Site "Tabor (Czech Republic)"]
[Date "2011.08.03"]
[Round "5"]
[White "Piankov Evgenij (UKR)"]
[Black "Popelka Oldrich"]
[Result "1-0"]
[WhiteElo "2356"]
[BlackElo "2119"]

1.d4 d6 2.Nf3 g6 3.Bg5 Bg7 4.c3 f5 5.Qb3 Nf6 6.Bxf6 Bxf6 7.Nbd2 c6 8.e4 Qb6
9.Bc4 Qxb3 10.Bxb3 Na6 11.O-O fxe4 12.Nxe4 Nc7 13.Rfe1 Kf8 14.Re3 Bd7 15.Nfd2
Bf5 16.h3 Re8 17.g4 Bxe4 18.Nxe4 h6 19.Rae1 Kg7 20.Nxf6 exf6 21.Re7+ {#r} 1-0

[Event "It (open)"]
[Site "Creon (France)"]
[Date "2011.08.04"]
[Round "5"]
[White "Gozzoli Yannick (FRA)"]
[Black "Navrotescu Catalin (ROM)"]
[Result "1-0"]
[WhiteElo "2549"]
[BlackElo "2421"]

1.d4 d6 2.c4 e5 3.d5 a5 4.Nc3 Be7 5.e4 Na6 6.g3 Nc5 7.Be3 Nf6 8.f3 Nh5 9.Bh3
Bg5 10.Bxc5 dxc5 11.Bxc8 Qxc8 12.f4 Nxf4 13.gxf4 Bxf4 14.Qf3 O-O 15.Nge2 Bh6
16.Rg1 Kh8 17.Kd1 Ra6 18.Kc2 g6 19.Qf2 b6 20.Raf1 Qd7 21.h4 Raa8 22.h5 Qh3
23.Rh1 Qe3 24.Qxe3 Bxe3 25.Nb5 {#r} 1-0

[Event "Memorial K.Holuj-Radzikowska (w)"]
[Site "Warsaw (Poland)"]
[Date "2011.08.08"]
[Round "4"]
[White "Sharevich Anna (BLR)"]
[Black "Szczepkowska Karina (POL)"]
[Result "0-1"]
[WhiteElo "2267"]
[BlackElo "2379"]

1.d4 d6 2.c4 e5 3.Nf3 e4 4.Ng5 f5 5.g3 Be7 6.h4 Nf6 7.Bg2 O-O 8.Nc3 c6 9.O-O
Na6 10.a3 Nc7 11.b4 h6 12.Nh3 Be6 13.c5 a5 14.Bb2 Nfd5 15.Nxd5 Nxd5 16.Qd2 f4
17.Nxf4 Nxf4 18.gxf4 d5 19.bxa5 Bxh4 20.Qe3 Qd7 21.Bc3 Rf6 22.Be1 Rg6 23.Kh2
Rf8 24.Bh3 Bd8 25.Bd2 Bxh3 {#R} 0-1

[Event "It (open)"]
[Site "Arad (Romania)"]
[Date "2011.08.09"]
[Round "7"]
[White "Manolache Marius (ROM)"]
[Black "Mozes Ervin (ROM)"]
[Result "1-0"]
[WhiteElo "2550"]
[BlackElo "2237"]

1.d4 d6 2.Nf3 f5 3.Nc3 Nf6 4.Bg5 Ne4 5.Nxe4 fxe4 6.Nd2 d5 7.e3 Qd7 8.f3 exf3
9.Nxf3 g6 10.Ne5 Qe6 11.Be2 Nd7 12.Bg4 Qb6 13.Bxd7+ Bxd7 14.O-O Be6 15.a4 Bg7
16.a5 Qd6 17.Bf4 Qd8 18.Bg3 Rf8 19.Qd3 Rxf1+ 20.Qxf1 Bxe5 21.Bxe5 Qd7 22.Ra3
a6 23.Rb3 c6 24.Bg7 O-O-O 25.Be5 Bf5 26.Qxa6 {#r} 1-0

[Event "It (open)"]
[Site "Split (Croatia)"]
[Date "2011.08.09"]
[Round "5"]
[White "Brulic Denis (CRO)"]
[Black "Germes Bernard (FRA)"]
[Result "1-0"]
[WhiteElo "2303"]
[BlackElo "2086"]

1.d4 d6 2.Nf3 c6 3.e4 Nf6 4.Bd3 Bg4 5.Nbd2 e6 6.h3 Bxf3 7.Qxf3 d5 8.O-O Be7
9.c3 Qc7 10.Re1 h6 11.b3 dxe4 12.Nxe4 Nxe4 13.Bxe4 Nd7 14.Bf4 Qb6 15.Qg3 g5
16.Bc7 Qa6 17.a4 {#r} 1-0

[Event "Ch Germany (seniors)"]
[Site "Halle (Germany)"]
[Date "2011.08.13"]
[Round "9"]
[White "Jacoby Gisbert (GER)"]
[Black "Becker Lothar"]
[Result "1-0"]
[WhiteElo "2179"]
[BlackElo "2005"]

1.d4 d6 2.c4 c6 3.Nc3 Qc7 4.e4 e5 5.Nf3 Nf6 6.Be2 Be7 7.O-O O-O 8.Be3 Nbd7
9.d5 a5 10.Nd2 Re8 11.a3 cxd5 12.cxd5 Rd8 13.Rc1 Nc5 14.Nb5 Qb8 15.Nxd6 {#r}
1-0

[Event "It (open)"]
[Site "Figueres (Spain)"]
[Date "2011.08.18"]
[Round "9"]
[White "Buch Prades Joan (ESP)"]
[Black "Lillo Ferrer J M (ESP)"]
[Result "0-1"]
[WhiteElo "2034"]
[BlackElo "2126"]

1.d4 d6 2.c4 e5 3.dxe5 dxe5 4.Qxd8+ Kxd8 5.Nf3 f6 6.g3 Be6 7.b3 c6 8.Bg2 Bb4+
9.Nbd2 Bc3 10.Rb1 Bf5 11.O-O Bxb1 12.Nxb1 Bb4 13.a3 Be7 14.Rd1+ Kc7 15.Bh3 Nh6
16.Bxh6 gxh6 17.Bf5 a5 18.Nh4 Bc5 19.a4 Bb4 20.Rd3 Rd8 21.Rf3 Rd1+ 22.Kg2 Nd7
23.Bxh7 Rc1 24.Kh3 Re8 25.Re3 Nc5 26.f3 e4 27.Bg6 Re6 28.Bf5 Re5 {#R} 0-1

[Event "It (open)"]
[Site "Graz (Austria)"]
[Date "2011.08.28"]
[Round "2"]
[White "Farago Ivan (HUN)"]
[Black "Aschenbrenner Robert (AUT)"]
[Result "1-0"]
[WhiteElo "2490"]
[BlackElo "2270"]

1.d4 d6 2.Nf3 Bg4 3.e4 Nf6 4.Nc3 e6 5.h3 Bh5 6.Qe2 a6 7.g4 Bg6 8.h4 h5 9.g5
Ng4 10.Bd2 b5 11.Bg2 c5 12.O-O-O Nc6 13.d5 Nd4 14.Nxd4 cxd4 15.f3 Ne5 16.f4
dxc3 17.Bxc3 Nc4 18.f5 e5 19.fxg6 fxg6 20.b3 Nb6 21.Ba5 Qb8 22.Qf2 Nc8 23.Rhf1
Ra7 24.Bh3 Rb7 25.Be6 {#r} 1-0

[Event "It (open) "]
[Site "Nuernberg (Germany)"]
[Date "2011.09.09"]
[Round "2"]
[White "Vidoniak Roman (GER)"]
[Black "Krah Michael (GER)"]
[Result "1-0"]
[WhiteElo "2439"]
[BlackElo "2091"]

1.d4 d6 2.c4 e5 3.Nf3 Bg4 4.dxe5 Bxf3 5.gxf3 dxe5 6.Qxd8+ Kxd8 7.a3 g6 8.Nc3
c6 9.f4 Bg7 10.fxe5 Bxe5 11.Bg5+ Kc7 12.O-O-O f6 13.Bd2 f5 14.e4 f4 15.Ne2 Nf6
16.Nxf4 Nxe4 17.Ne6+ Kc8 18.Be3 Na6 19.Bh3 Kb8 20.Rhe1 Re8 21.f3 Nf6 22.Bg5 h6
23.Rxe5 hxg5 24.Rxg5 Nc7 25.Rxg6 Nh5 26.Ng7 Nxg7 27.Rxg7 {#r} 1-0

[Event "Tournament (weekend) (a)"]
[Site "Liscate (Italy)"]
[Date "2011.10.16"]
[Round "4"]
[White "Quaranta Cristiano (ITA)"]
[Black "Solomon Kenny (RSA)"]
[Result "0-1"]
[WhiteElo "2118"]
[BlackElo "2426"]

1.d4 d6 2.Nf3 g6 3.c4 Bg7 4.Nc3 Bg4 5.e3 Nf6 6.h3 Bf5 7.g4 Bc8 8.e4 Na6 9.Be3
c5 10.e5 dxe5 11.dxe5 Nd7 12.e6 fxe6 13.Ng5 Qa5 14.Bd2 Qb6 15.Qe2 Ne5 16.f4
Nc6 17.Nxe6 Bxe6 18.Qxe6 Nab4 19.Rc1 Rd8 20.Nd5 Nxd5 21.cxd5 Qxb2 22.Rxc5 Qxa2
23.Bb5 Qb1+ 24.Rc1 Qxb5 25.dxc6 Rd6 26.Qc8+ Kf7 27.cxb7 Re6+ 28.Kf2 Bd4+ {#R}
0-1

[Event "Oberliga Baden 2011/12"]
[Site "Baden (Germany)"]
[Date "2011.10.23"]
[Round "2"]
[White "Bossert Christian (GER)"]
[Black "Wehner Roland (GER)"]
[Result "0-1"]
[WhiteElo "2226"]
[BlackElo "2266"]

1.d4 d6 2.Nf3 f5 3.Nc3 Nf6 4.Bg5 Nbd7 5.Qd3 g6 6.e4 fxe4 7.Nxe4 Bg7 8.O-O-O
O-O 9.h4 Qe8 10.Ng3 Ng4 11.Re1 e5 12.Qc4+ Kh8 13.h5 Nxf2 14.Rh4 h6 15.Qe2 hxg5
16.Nxg5 Bh6 17.Kb1 Qe7 18.Nf7+ Rxf7 19.hxg6 Qxh4 20.gxf7 Qxg3 21.Qh5 Qg5
22.f8=Q+ Nxf8 23.Qe8 Qd2 {#R} 0-1

[Event "Ch Belgium (team) 2011/12"]
[Site "Belgium"]
[Date "2011.11.20"]
[Round "4"]
[White "Tjiam Dharma (NED)"]
[Black "Beeckmans Felix (BEL)"]
[Result "1-0"]
[WhiteElo "2373"]
[BlackElo "2309"]

1.d4 d6 2.Nf3 Bg4 3.c4 Bxf3 4.exf3 c6 5.d5 Nf6 6.Be3 g6 7.Nc3 Bg7 8.Be2 O-O
9.g4 a6 10.g5 Ne8 11.Rc1 Qa5 12.f4 Nc7 13.O-O cxd5 14.Nxd5 Nxd5 15.Qxd5 Qxa2
16.Qxb7 Qxb2 17.Qxa8 Qxe2 18.h3 Nd7 19.Qd5 Nc5 20.Bxc5 dxc5 21.Qxc5 Qf3 22.Qe3
Qc6 23.Rfd1 Re8 24.Qd3 Rc8 25.Qd5 Bb2 26.Rb1 Ba3 27.Rb8 Kg7 28.Qd4+ {#r} 1-0

[Event "It (open)"]
[Site "Hastings (England)"]
[Date "2012.01.02"]
[Round "6"]
[White "Longson Alex (ENG)"]
[Black "Pickersgill Adrian (ENG)"]
[Result "1-0"]
[WhiteElo "2270"]
[BlackElo "2029"]

1.d4 d6 2.c4 e5 3.d5 f5 4.e4 Nf6 5.exf5 Bxf5 6.Nc3 g5 7.Nge2 Bg7 8.Ng3 Bd7
9.h4 Na6 10.h5 Qe7 11.Bxg5 O-O-O 12.h6 Bf8 13.Nce4 Nxe4 14.Bxe7 Nxg3 15.Bxd8
Nxh1 16.Bg5 Nc5 17.Qf3 Bf5 18.g4 Be4 19.Qf6 {#r} 1-0

[Event "Cup Rilton"]
[Site "Stockholm (Sweden)"]
[Date "2012.01.05"]
[Round "9"]
[White "Johansson Linus (SWE)"]
[Black "Karlsson Lars (SWE)"]
[Result "0-1"]
[WhiteElo "2312"]
[BlackElo "2429"]

1.d4 d6 2.Nf3 Bg4 3.c4 g6 4.Qb3 Qc8 5.h3 Bxf3 6.Qxf3 Bg7 7.e3 Nc6 8.Nc3 f5
9.g4 e5 10.gxf5 exd4 11.exd4 Nxd4 12.Qe4+ Kf8 13.Be3 Qe8 14.Qd3 Nf3+ 15.Kd1
Ne5 16.Qc2 Ne7 17.Bg2 Nxf5 18.Qe2 Nxc4 19.Qxc4 Qxe3 20.fxe3 Nxe3+ 21.Ke2 Nxc4
22.Rhf1+ Ke8 23.Nd5 c6 24.Nc7+ Ke7 25.Nxa8 Rxa8 {#R} 0-1

[Event "It (open) "]
[Site "Caleta (England)"]
[Date "2012.01.28"]
[Round "5"]
[White "Koneru Humpy (IND)"]
[Black "Ungureanu Sandu (ROM)"]
[Result "1-0"]
[WhiteElo "2610"]
[BlackElo "2019"]

1.d4 d6 2.Nf3 Nc6 3.g3 e5 4.d5 Nce7 5.c4 c5 6.dxc6 bxc6 7.Bg2 Be6 8.Qa4 h6
9.c5 Nf6 10.O-O e4 11.cxd6 Ned5 12.Nfd2 e3 13.Nc4 exf2+ 14.Rxf2 Bxd6 15.Qxc6+
Ke7 16.Qxd6+ Qxd6 17.Nxd6 Kxd6 18.e4 Rac8 19.Na3 Nb4 20.e5+ Kxe5 21.Bf4+ Kd4
22.Rd1+ Nd3 23.Rxd3+ {#r} 1-0

[Event "It (open) (w)"]
[Site "Moscow (Russia)"]
[Date "2012.01.29"]
[Round "2"]
[White "Mirzoeva Elmira (RUS)"]
[Black "Karmanova Marina (RUS)"]
[Result "1-0"]
[WhiteElo "2276"]
[BlackElo "2077"]

1.d4 d6 2.Nf3 Bg4 3.e4 g6 4.Bc4 Bxf3 5.Qxf3 e6 6.Be3 Bg7 7.Nd2 Ne7 8.h4 h5
9.c3 a6 10.Qe2 b5 11.Bb3 Nd7 12.a4 b4 13.cxb4 Qb8 14.Qc4 d5 15.Qc3 dxe4
16.Nxe4 Qb7 17.f3 Rb8 18.b5 axb5 19.a5 Nf5 20.Bf2 Qa7 21.Rd1 b4 22.Qc6 Ne7
23.Qa4 Qa6 24.Qxd7+ {#r} 1-0

[Event "It (open) "]
[Site "Caleta (England)"]
[Date "2012.02.01"]
[Round "9"]
[White "Peek Marcel (NED)"]
[Black "Vanparys Philip (BEL)"]
[Result "1-0"]
[WhiteElo "2356"]
[BlackElo "2163"]

1.d4 d6 2.Nf3 Bg4 3.c4 Bxf3 4.exf3 Nd7 5.Nc3 g6 6.Be3 c6 7.Qd2 Ngf6 8.g4 e6
9.h4 h5 10.g5 Ng8 11.d5 Ne5 12.Qe2 b5 13.cxb5 cxd5 14.f4 Nc4 15.Bd4 Rh7
16.Nxd5 Rc8 17.Rc1 Nb6 18.Rxc8 Qxc8 19.Nxb6 axb6 20.Bg2 d5 21.O-O Bd6 22.Bxd5
Ne7 23.Be4 Qb8 24.Rd1 Bxf4 25.Bf6 Bc7 26.Qd3 Ng8 27.Qd7+ Kf8 28.Rc1 {#r} 1-0

[Event "Ch Provinciale NA"]
[Site "Napoli (Italy)"]
[Date "2012.02.02"]
[Round "7"]
[White "Capone Vincenzo (ITA)"]
[Black "Buiano Fabio (ITA)"]
[Result "1-0"]
[WhiteElo "2185"]
[BlackElo "2036"]

1.d4 d6 2.Nf3 Bg4 3.c4 Bxf3 4.exf3 g6 5.Nc3 Bg7 6.Be3 Nh6 7.g4 f6 8.h4 Nd7
9.Qd2 Nf7 10.d5 O-O 11.Be2 Re8 12.f4 e6 13.dxe6 Rxe6 14.f5 Re5 15.fxg6 hxg6
16.O-O-O a6 17.f4 Re8 18.Bd3 Nf8 19.g5 f5 20.h5 Bxc3 21.bxc3 c5 22.hxg6 Nxg6
23.Bxf5 Kg7 24.Bxg6 {#r} 1-0

[Event "Tournament (open) "]
[Site "Uljanovsk (Russia)"]
[Date "2012.02.02"]
[Round "5"]
[White "Sadykov Rustem (RUS)"]
[Black "Alimova Olga (RUS)"]
[Result "0-1"]
[WhiteElo "2122"]
[BlackElo "2142"]

1.d4 d6 2.c4 e5 3.Nf3 e4 4.Nfd2 f5 5.e3 c6 6.Nc3 Nf6 7.f3 exf3 8.Nxf3 g6 9.Bd3
Qe7 10.O-O Bg7 11.e4 fxe4 12.Nxe4 Nxe4 13.Bxe4 O-O 14.Qd3 Bg4 15.Bg5 Qd7
16.Rae1 Na6 17.Bxg6 hxg6 18.Re7 Qf5 19.Qe3 Bxf3 20.Bh6 Bxh6 21.Qxh6 Rf7
22.Rxf3 Qb1+ 23.Kf2 Rxe7 {#R} 0-1

[Event "Ch Lithuania (team)"]
[Site "Lithuania"]
[Date "2012.02.12"]
[Round "5"]
[White "Vaznonis Vytautas (LTU)"]
[Black "Zilinskas Vaidas (LTU)"]
[Result "1-0"]
[WhiteElo "2394"]
[BlackElo "2134"]

1.d4 d6 2.Nf3 Bg4 3.c4 g6 4.g3 Bg7 5.Bg2 c6 6.O-O Qb6 7.d5 Nd7 8.Nbd2 Ne5
9.Nxe5 Bxe5 10.Nf3 Bg7 11.h3 Bd7 12.e4 Qa6 13.c5 dxc5 14.d6 e6 15.e5 h5 16.Bg5
Nh6 17.Re1 Nf5 18.g4 hxg4 19.hxg4 Nh6 20.Nd2 Qb5 21.Qf3 f5 22.exf6 Bf8 23.Bxh6
Rxh6 24.f7+ Kd8 25.Qf6+ Kc8 26.Rxe6 {#r} 1-0

[Event "Ch Kazakhstan (1/2 final)"]
[Site "Pavlodar (Kazakhstan)"]
[Date "2012.02.24"]
[Round "4"]
[White "Soltanov Serik (KAZ)"]
[Black "Davletbayeva Madina (KAZ)"]
[Result "1-0"]
[WhiteElo "2361"]
[BlackElo "2220"]

1.d4 d6 2.c4 e5 3.dxe5 dxe5 4.Qxd8+ Kxd8 5.Nc3 c6 6.Nf3 f6 7.g3 Be6 8.b3 a5
9.Bg2 Bb4 10.Bd2 Ne7 11.O-O Kc7 12.Rfc1 Ba3 13.Rd1 Rd8 14.Na4 Nd7 15.Bc3 b5
16.cxb5 cxb5 17.Bb2 Bxb2 18.Nxb2 Nf8 19.Rdc1+ Kb6 20.a4 Bxb3 21.axb5 Rac8
22.Rcb1 Bc2 23.Rc1 Bb3 24.Rcb1 Bc2 25.Rc1 Kxb5 26.Ne1 Rd2 {#r} 1-0

[Event "Ch Vietnam"]
[Site "Can Tho (Vietnam)"]
[Date "2012.03.24"]
[Round "9"]
[White "Tran Quoc Dung (VIE)"]
[Black "Tu Hoang Thai (VIE)"]
[Result "1-0"]
[WhiteElo "2309"]
[BlackElo "2291"]

1.d4 d6 2.c4 g6 3.Nc3 e5 4.e4 exd4 5.Qxd4 Nf6 6.Bg5 Nbd7 7.f4 Bg7 8.e5 dxe5
9.fxe5 Qe7 10.Nf3 c5 11.Qe3 Ng4 12.Qe4 f5 13.Qe2 Qe6 14.Nd5 Qc6 15.Bf6 Kf8
16.Be7+ Ke8 17.Bd6 Nb6 18.Nc7+ Kf7 19.h3 Nh6 20.e6+ Kg8 21.O-O-O Rb8 22.Bf4
Bf6 23.Nd5 Nxd5 24.cxd5 Qa4 25.Qc4 Qxc4+ 26.Bxc4 {#r} 1-0

[Event "Ch Serbia (w)"]
[Site "Kac (Serbia)"]
[Date "2012.03.26"]
[Round "5"]
[White "Djukic Sandra (SRB)"]
[Black "Manakova Maria (SRB)"]
[Result "0-1"]
[WhiteElo "2131"]
[BlackElo "2338"]

1.d4 d6 2.c4 e5 3.d5 f5 4.Nc3 Nf6 5.Nf3 Be7 6.g3 O-O 7.Bg2 c6 8.O-O cxd5
9.cxd5 Na6 10.a3 Kh8 11.Nd2 Qe8 12.e4 f4 13.Nf3 Nh5 14.b4 g5 15.Nd2 g4 16.Re1
Qf7 17.Nc4 fxg3 18.fxg3 Qf2+ 19.Kh1 Nxg3+ 20.hxg3 Qxg3 21.Re3 Qh4+ 22.Kg1 g3
23.Rf3 Bg4 24.Ne3 Qh2+ {#R} 0-1